| 000 -LEADER | |
|---|---|
| fixed length control field | 00407nam a22001337a 4500 |
| 005 - DATE AND TIME OF LATEST TRANSACTION | |
| control field | 20250403160850.0 |
| 008 - FIXED-LENGTH DATA ELEMENTS--GENERAL INFORMATION | |
| fixed length control field | 250322b |||||||| |||| 00| 0 eng d |
| 022 ## - INTERNATIONAL STANDARD SERIAL NUMBER | |
| ISSN | 2348-7704 |
| 245 ## - TITLE STATEMENT | |
| Title | JOURNAL OF HOSPITAL PHARMACY: The official publication of health education bureau |
| 260 ## - PUBLICATION, DISTRIBUTION, ETC. (IMPRINT) | |
| Place of publication | RAJASTHAN |
| Name of publisher | BUREAU FOR HEALTH & EDUCATION STATUS UPLIFTMENT |
| Year of publication | 2025 |
| 300 ## - PHYSICAL DESCRIPTION | |
| Number of Pages | 39; P |
| 650 ## - SUBJECT ADDED ENTRY--TOPICAL TERM | |
| Topical Term | PHARMACY |
| 942 ## - ADDED ENTRY ELEMENTS (KOHA) | |
| Koha item type | Journals/Serial |
| Lost status | Damaged status | Collection code | Home library | Current library | Shelving location | Date acquired | Source of acquisition | Serial Enumeration / chronology | Accession Number | Koha item type |
|---|---|---|---|---|---|---|---|---|---|---|
| PHARMACY | JRU Library | JRU Library | Periodicals Section | 22/03/2025 | PURCHASE | VOL-20, ISSUE-1 [ JAN TO MARCH ] 2025 | JOHP0001 | Journals/Serial | ||
| PHARMACY | JRU Library | JRU Library | Periodicals Section | 12/09/2025 | PURCHASE | VOL-20, NO-03 [JULY-SEP]2025 | JOHP0003 | Journals/Serial | ||
| PHARMACY | JRU Library | JRU Library | Periodicals Section | 19/05/2025 | PURCHASE | [APR-JINE]2025 | JOHP0002 | Journals/Serial | ||
| JRU Library | JRU Library | Periodicals Section | 04/12/2025 | PURCHASE | VOL-20, NO-04 [JOCT-DEC-2025] | JOHP0004 | Journals/Serial | |||
| PHARMACY | JRU Library | JRU Library | Periodicals Section | 13/03/2026 | PURCHASE | VOL-21, ISSUE-01 [JAN-MARCH 2026] | JOHP0005 | Journals/Serial |